[Event "Australasian Masters GM"]
[Site "Melbourne AUS"]
[Date "2015.12.20"]
[Round "9.4"]
[White "Johansen,D"]
[Black "Cheng,Bo"]
[Result "1/2-1/2"]
[WhiteElo "2427"]
[BlackElo "2419"]

1.d4 Nf6 2.Nf3 e6 3.c4 c5 4.d5 d6 5.Nc3 exd5 6.cxd5 g6 7.Bg5 Bg7 8.e4 O-O
9.Nd2 a6 10.a4 Nbd7 11.Be2 Re8 12.O-O b6 13.Qc2 Rb8 14.h3 Qe7 15.Rae1 Qf8
16.f4 Nh5 17.Bxh5 gxh5 18.Qd1 b5 19.e5 dxe5 20.f5 Bh6 21.Qxh5 Bxg5 22.Qxg5+ Kh8
23.axb5 axb5 24.f6 Qg8 25.Qh4 Qg6 26.Re3 Rg8 27.Rf2 Qg5 28.Qxg5 Rxg5 29.Nce4 Rg6
30.Nd6 Kg8 31.N2e4 Ba6 32.Nf5 Kh8 33.Ne7 Rh6 34.Nd6 Rxf6 35.Rxf6 Nxf6 36.Nxf7+ Kg7
37.Nxe5 Rb6 38.Nd3 Bb7 39.Nxc5 Nxd5 40.Rg3+ Kf7 41.Nf5 Bc8 42.Rf3 Kg6 43.g4 h5
44.Rd3 Nf4 45.Ne7+ Kg5 46.Nxc8 Rc6 47.Ne4+ Kh4 48.Rd2 Rxc8 49.gxh5 Kxh5 50.Kh2 Kg6
51.Kg3 Ne6 52.Rd5 b4 53.Re5 Nd4 54.Rg5+ Kh6 55.Rd5 Rc4 56.Nd2 Ne2+ 57.Kf2 Rd4
58.Rxd4 Nxd4 59.Ke3 Ne6 60.Nf3 Kg6 61.Ke4 b3 62.Nd2 Nc5+ 63.Kd4 Na4 64.Nxb3  1/2-1/2

[Event "4th Lorca Open 2015"]
[Site "Lorca ESP"]
[Date "2015.12.27"]
[Round "3.14"]
[White "Serarols Mabras,Bernat"]
[Black "Lalic,B"]
[Result "1/2-1/2"]
[WhiteElo "2184"]
[BlackElo "2446"]

1.d4 Nf6 2.c4 e6 3.Nf3 c5 4.d5 d6 5.Nc3 exd5 6.cxd5 g6 7.h3 a6 8.a4 Bg7 9.e4 Nbd7
10.Bd3 Nh5 11.O-O Ne5 12.Be2 Nxf3+ 13.Bxf3 Qh4 14.Bg4 Bxg4 15.Qxg4 Qxg4 16.hxg4 Nf6
17.Bf4 Ke7 18.e5 dxe5 19.Bxe5 Rhd8  1/2-1/2

[Event "26th Cracovia Open A"]
[Site "Krakow POL"]
[Date "2015.12.28"]
[Round "2.23"]
[White "Belous,Mikhail"]
[Black "Diermair,A"]
[Result "1-0"]
[WhiteElo "2191"]
[BlackElo "2458"]

1.d4 Nf6 2.c4 e6 3.Nf3 c5 4.d5 exd5 5.cxd5 d6 6.Nc3 g6 7.g3 Bg7 8.Bg2 O-O
9.O-O Re8 10.Nd2 a6 11.a4 Nbd7 12.h3 Rb8 13.Nc4 Ne5 14.Na3 Nh5 15.e4 Bd7
16.a5 Qxa5 17.g4 Nf6 18.f4 Nexg4 19.hxg4 Nxg4 20.Bf3 h5 21.Kg2 Qd8 22.Nc4 Qh4
23.Bxg4 Bxg4 24.Qd3 Qe7 25.e5 dxe5 26.fxe5 b5 27.Nd6 c4 28.Qe4 b4 29.Nxe8 bxc3
30.Nxg7 cxb2 31.Rb1 Qh4 32.Qf4 Rb3 33.Nxh5 Qh3+ 34.Kg1 Bf3 35.Nf6+ Kg7 36.Qh2 Bg2
37.Qxh3 Bxh3 38.Rxb2  1-0

[Event "4th Lorca Open 2015"]
[Site "Lorca ESP"]
[Date "2015.12.29"]
[Round "6.9"]
[White "Donado Mazarron Gomez,M"]
[Black "Antoli Royo,J"]
[Result "0-1"]
[WhiteElo "2086"]
[BlackElo "2449"]

1.d4 Nf6 2.c4 c5 3.d5 e6 4.Nc3 exd5 5.cxd5 d6 6.Nf3 g6 7.Nd2 Bg7 8.e4 O-O
9.Be2 Re8 10.O-O Nbd7 11.Qc2 Nb6 12.Re1 Bd7 13.Rb1 c4 14.Bxc4 Nxc4 15.Nxc4 Qc7
16.Qd3 b5 17.Nd2 b4 18.Ne2 Rac8 19.a3 Ng4 20.Nf3 f5 21.Ng3 Qb6 22.Be3 Nxe3
23.Qxe3 Qxe3 24.fxe3 fxe4 25.Ng5 b3 26.N5xe4 Be5 27.Rec1 Ba4 28.Rxc8 Rxc8
29.Ne2 Bd7 30.N4c3 Bf5 31.e4 Bg4 32.Kf2 a5 33.Ke3 Bxh2 34.Nd4 a4 35.Nxa4 g5
36.Nc3 Rf8 37.Nxb3 Bf4+ 38.Kd3 Bc8 39.Nd4 Be5 40.b4 Rf2 41.b5 Rxg2 42.a4 h5
43.a5 h4 44.a6 h3 45.Nc6 Rg3+ 46.Ke2 Bg4+ 47.Kd2 Bxc3+ 48.Kc2 Bf6 49.a7 Ra3
50.b6 Bc8 51.b7 Bxb7 52.Rxb7 h2 53.Rb1 g4 54.e5 Bxe5  0-1

[Event "28th Staufer-Open 2016"]
[Site "Schwaebisch Gmuend GER"]
[Date "2016.01.03"]
[Round "4.5"]
[White "Gavrilov,Al1"]
[Black "Zeller,F"]
[Result "1-0"]
[WhiteElo "2425"]
[BlackElo "2397"]

1.d4 Nf6 2.c4 e6 3.Nf3 c5 4.d5 d6 5.Nc3 exd5 6.cxd5 g6 7.Bf4 a6 8.a4 Bg7
9.e4 Bg4 10.Be2 O-O 11.O-O Re8 12.Nd2 Bxe2 13.Qxe2 Nh5 14.Be3 Nd7 15.a5 Qc7
16.Ra4 Re7 17.Rfa1 Rae8 18.Bg5 f6 19.Be3 Bh8 20.h3 Ng7 21.Nc4 Ne5 22.Nxe5 Rxe5
23.Qc4 Rc8 24.Rc1 Qd7 25.b4 cxb4 26.Qxb4 Ree8 27.Raa1 f5 28.Rab1 Re7 29.Bg5 Rf7
30.Na4 Rcf8 31.Nb6 Qe8 32.Qxd6 fxe4 33.Rc8 Nf5 34.Qe6 Qxe6 35.dxe6 Rg7 36.Rxf8+ Kxf8
37.Nd7+  1-0

[Event "28th Staufer-Open 2016"]
[Site "Schwaebisch Gmuend GER"]
[Date "2016.01.04"]
[Round "6.14"]
[White "Meier,Th"]
[Black "Skembris,S"]
[Result "1/2-1/2"]
[WhiteElo "2246"]
[BlackElo "2416"]

1.d4 Nf6 2.c4 e6 3.Nc3 c5 4.d5 exd5 5.cxd5 d6 6.Nf3 g6 7.Bf4 a6 8.a4 Bg7
9.h3 O-O 10.e3 Qe7 11.Bd3 Nbd7 12.O-O Nh5 13.Bh2 f5 14.a5 Ne5 15.Bxe5 Bxe5
16.Nxe5 Qxe5 17.Re1 Bd7 18.Bf1 Rae8 19.Qd2 Nf6 20.Rad1 Qe7 21.g3 Qd8 22.Ra1 Ne4
23.Qc2 h5 24.Kh2 h4 25.Bg2 hxg3+ 26.fxg3 Nxc3 27.Qxc3 Re5 28.b4 cxb4 29.Qxb4 Bb5
30.h4 Qe7 31.Qf4 Rc8 32.Rac1 Re8 33.Qh6 Qg7 34.Qxg7+ Kxg7 35.Rc3 Kf6 36.Kg1 Rb8
37.Rb1 Ree8 38.Kf2 Ke5 39.g4 b6 40.axb6 Rxb6 41.g5 Rb7 42.Bf3 Rh8 43.Kg3 Rbh7
44.Rb4 Rb7 45.Rb2 Rhb8 46.Rcb3 Rc7 47.Be2 Rc5 48.Bf3 Rbc8 49.Ra3 Rc1 50.Be2 R8c5
51.Bxb5 axb5 52.Ra8 Kxd5 53.Rd2+ Ke6 54.Rf8 R5c2 55.Rf6+ Ke5 56.Rdxd6 Rg1+
57.Kf3  1/2-1/2

[Event "28th Staufer-Open 2016"]
[Site "Schwaebisch Gmuend GER"]
[Date "2016.01.04"]
[Round "6.30"]
[White "Chetverik,M"]
[Black "Flach,E"]
[Result "1/2-1/2"]
[WhiteElo "2260"]
[BlackElo "2128"]

1.d4 Nf6 2.c4 c5 3.d5 e6 4.Nc3 exd5 5.cxd5 d6 6.Nf3 g6 7.Bg5 h6 8.Bh4 g5
9.Bg3 Nh5 10.Qa4+ Nd7 11.e3 Nxg3 12.hxg3 Bg7 13.Qe4+ Kf8 14.Be2 a6 15.a4 Rb8
16.O-O h5 17.Qc2 h4 18.Ne4 g4 19.Nxh4 Ne5 20.f4 gxf3 21.Bxf3 b5 22.axb5 Rxb5
23.Ra2 Rb4 24.b3 Bh6 25.Kf2 f5 26.Nxc5 Qg5 27.Re1 Rg8 28.Ne4 fxe4 29.Qxc8+ Kg7
30.Nf5+ Kh8 31.Qe6 Rg6 32.Qe8+ Rg8 33.Qe6 Rg6  1/2-1/2

[Event "28th Staufer-Open 2016"]
[Site "Schwaebisch Gmuend GER"]
[Date "2016.01.04"]
[Round "6.25"]
[White "Hoeglauer,Patrick"]
[Black "Zeller,F"]
[Result "0-1"]
[WhiteElo "2170"]
[BlackElo "2397"]

1.d4 Nf6 2.c4 e6 3.Nf3 c5 4.d5 d6 5.Nc3 exd5 6.cxd5 g6 7.g3 Bg7 8.Bg2 O-O
9.O-O Re8 10.Nd2 Nbd7 11.h3 b6 12.a4 Ba6 13.Nb5 Qe7 14.Nc4 Bxb5 15.axb5 Ne5
16.Nxe5 Qxe5 17.Bf3 Ne4 18.Ra4 f5 19.Qd3 Re7 20.Rd1 Rc8 21.Qc4 Rce8 22.Kg2 Qf6
23.Qa2 Ra8 24.Rd3 Qf7 25.Rda3 Bd4 26.e3 Bg7 27.Ra6 Rb7 28.R3a4 Qe7 29.Be2 h5
30.h4 Kh7 31.Bc4 Nf6 32.Be2 Ne4 33.Bc4 Nf6 34.Be2 Qf7 35.Bf3 Ng4 36.Bd2 Ne5
37.Be2 Rc7 38.Kf1 c4 39.Bxc4 Rxc4 40.Rxc4 Qxd5 41.Rd4 Qh1+ 42.Ke2 Qf3+ 43.Ke1 Qh1+
44.Ke2 Nf3 45.Rf4 Nxd2 46.Kxd2 Rc8 47.Rc4 Qd5+ 48.Rd4 Qc5 49.Rxa7 Qc1+ 50.Ke2 Rc2+
51.Kf3 Qh1+ 52.Kf4 Kh6  0-1

[Event "TCh-CZE Extraliga 2015-16"]
[Site "Czech Republic CZE"]
[Date "2016.01.10"]
[Round "6.6"]
[White "Polak,T"]
[Black "Kanovsky,D"]
[Result "1-0"]
[WhiteElo "2519"]
[BlackElo "2455"]

1.d4 Nf6 2.c4 c5 3.d5 e6 4.Nc3 exd5 5.cxd5 d6 6.Nf3 g6 7.h3 Bg7 8.e4 O-O
9.Bg5 h6 10.Be3 Re8 11.Bd3 Bd7 12.a4 c4 13.Bc2 Na6 14.O-O Nb4 15.Bb1 a6 16.a5 Rc8
17.Re1 Nh5 18.Qd2 Kh7 19.g4 Nf6 20.Bf4 Qe7 21.Bg3 Kg8 22.Qf4 h5 23.Bh4 hxg4
24.hxg4 Qd8 25.Re3 Bb5 26.Bg5 Rc5 27.Kh1 Kh7 28.Qh2+ Kg8 29.Qh4 Bd7 30.Kg2 Bh8
31.Kh1 Bg7 32.Kg2 Bh8 33.e5 dxe5 34.Be4 Bg7 35.Rh1 Rxa5 36.Nd2 Nd3 37.Bxd3 cxd3
38.Nde4 Nxe4 39.Nxe4 Qc8 40.Qh7+  1-0

[Event "Kecskemet GM New Year"]
[Site "Kecskemet HUN"]
[Date "2016.01.11"]
[Round "2.3"]
[White "Ilincic,Z"]
[Black "Goh Weiming"]
[Result "0-1"]
[WhiteElo "2405"]
[BlackElo "2430"]

1.d4 Nf6 2.c4 e6 3.Nf3 c5 4.d5 exd5 5.cxd5 d6 6.Nc3 g6 7.g3 Bg7 8.Bg2 O-O
9.O-O Re8 10.Nd2 a6 11.a4 Nbd7 12.a5 b5 13.axb6 Nxb6 14.Nb3 Bf5 15.Na5 Ne4
16.Ra3 Qc7 17.Bf4 h6 18.h4 Kh7 19.Kh2 Nf6 20.f3 Nh5 21.e4 Nxf4 22.exf5 Bxc3
23.gxf4 Bxa5 24.Rxa5 Nc4 25.Ra4 Nxb2 26.Qc2 Nxa4 27.h5 gxf5 28.Qxf5+ Kg7
29.Rg1 Qe7 30.Bf1+ Kh8 31.Rg4 Nb2 32.Qc2 Qf6  0-1

[Event "ch-POL Academic Team 2016"]
[Site "Hucisko POL"]
[Date "2016.01.16"]
[Round "3.16"]
[White "Fistek,D"]
[Black "Butkiewicz,L"]
[Result "1/2-1/2"]
[WhiteElo "2239"]
[BlackElo "2442"]

1.d4 Nf6 2.c4 c5 3.d5 e6 4.Nc3 exd5 5.cxd5 d6 6.Nf3 g6 7.g3 Bg7 8.Bg2 O-O
9.O-O a6 10.a4 Re8 11.Nd2 Nbd7 12.Nc4 Ne5 13.Na3 Bd7 14.h3 b5 15.f4 Nc4 16.Nxc4 bxc4
17.e4 Rb8 18.Re1 Nh5 19.Kh2 Bd4 20.g4 Ng7 21.Ra3 f5 22.exf5 gxf5 23.g5 Rxe1
24.Qxe1 Qe8 25.Qxe8+ Rxe8 26.Bd2 Rb8 27.Ra2 Re8 28.Bf3 Be3 29.Nb1 Bxd2 30.Nxd2 Re3
31.Kg2 c3 32.bxc3 Rxc3 33.Be2 Be8 34.Nc4 Nh5 35.Bxh5 Bxh5 36.Nxd6 Bf3+ 37.Kf2 Bxd5
38.Rd2 Be4 39.Nxe4 fxe4 40.Rd5 Rxh3 41.Rxc5 Rf3+ 42.Ke2 Rxf4 43.Ke3 Rg4 44.Ra5 Kg7
45.Rxa6 Rxg5 46.Kxe4 h5  1/2-1/2

[Event "ch-POL Academic Men 2015"]
[Site "Hucisko POL"]
[Date "2016.01.16"]
[Round "8.5"]
[White "Luch,M"]
[Black "Szusterowski,R"]
[Result "1-0"]
[WhiteElo "2446"]
[BlackElo "2224"]

1.d4 Nf6 2.c4 c5 3.d5 e6 4.Nc3 exd5 5.cxd5 d6 6.Nf3 g6 7.h3 Bg7 8.Bf4 O-O
9.e3 a6 10.a4 Re8 11.Bd3 Qc7 12.Nd2 Nh5 13.Bh2 Nd7 14.O-O Ne5 15.Be2 Nf6
16.f4 Ned7 17.e4 h6 18.a5 g5 19.Kh1 gxf4 20.Bxf4 Ne5 21.Qc2 Ng6 22.Bh2 Ne5
23.Nf3 Nxf3 24.Bxf3 Nd7 25.Bh5 Nf6 26.Bf3 Nd7 27.Ne2 Ne5 28.Bh5 Rf8 29.Ng3 Qe7
30.Nf5 Bxf5 31.Rxf5 Rae8 32.Bxe5 Bxe5 33.Raf1 Qh4 34.Qd3 Re7 35.b3 Qg3 36.Qxg3+ Bxg3
37.R5f3 Be5 38.Bg6 Kg7 39.Bf5 Rb8 40.h4 b6 41.axb6 Rxb6 42.h5 Reb7 43.Bc8 Rc7
44.Bf5 Rb4 45.g4 f6 46.g5 fxg5 47.Be6 Rbb7 48.Rf8 Bf4 49.Rg8+ Kf6 50.Rg6+ Ke5
51.Bf5 Rxb3 52.Rxh6 Rb2 53.Re6+ Kd4 54.h6 Rh2+ 55.Kg1 Rb7 56.Rxf4 Rbb2 57.Rg4 Rhd2
58.Kh1 Rh2+ 59.Kg1 Rhc2 60.Kh1 Ke3 61.e5 Rh2+ 62.Kg1 Rhd2 63.exd6+ Kf3 64.Re1 Rxd5
65.h7 Rxf5 66.h8=Q Kxg4 67.Qxb2 Rf4 68.Qe2+ Kh4 69.Qh2+ Kg4 70.Qg2+ Kf5 71.Qd5+ Kg4
72.d7 Rf3 73.d8=Q Rg3+ 74.Kf2 Rf3+ 75.Qxf3+  1-0

[Event "2nd Floripa Open 2016"]
[Site "Florianopolis BRA"]
[Date "2016.01.19"]
[Round "6.13"]
[White "Kropff,R"]
[Black "Mahia,G"]
[Result "0-1"]
[WhiteElo "2224"]
[BlackElo "2362"]

1.d4 Nf6 2.Nf3 e6 3.c4 c5 4.d5 exd5 5.cxd5 d6 6.Nc3 g6 7.Nd2 Nbd7 8.e4 Bg7
9.Be2 O-O 10.O-O Re8 11.a4 b6 12.Re1 a6 13.Qc2 Rb8 14.Rb1 Ne5 15.h3 Nh5 16.Bxh5 gxh5
17.Nf1 Qh4 18.Re3 Ng6 19.Rf3 Qe7 20.b4 h4 21.Re3 Bd4 22.Re2 Qf6 23.Nd1 Nf4
24.Bxf4 Qxf4 25.bxc5 dxc5 26.Rb3 b5 27.Rf3 Qe5 28.Qd2 Rb6 29.Nh2 Rg6 30.axb5 axb5
31.Qa5 Qg5 32.Ne3 b4 33.Neg4 h5 34.Qb5 Rd8 35.Ne3 Ba6  0-1

[Event "75th ch-GEO 2016"]
[Site "Tbilisi GEO"]
[Date "2016.01.19"]
[Round "2.2"]
[White "Javakhishvili,L"]
[Black "Pantsulaia,L"]
[Result "1/2-1/2"]
[WhiteElo "2486"]
[BlackElo "2598"]

1.d4 Nf6 2.c4 c5 3.d5 e6 4.Nc3 exd5 5.cxd5 d6 6.Nf3 g6 7.h3 Bg7 8.e4 O-O
9.Bd3 Na6 10.O-O Nc7 11.Re1 Re8 12.a4 a6 13.Bf4 Rb8 14.Qd2 b5 15.axb5 axb5
16.e5 dxe5 17.Nxe5 Bb7 18.Nc6 Bxc6 19.dxc6 c4 20.Rxe8+ Nfxe8 21.Be2 Qxd2
22.Bxd2 Be5 23.Ra7 Rd8 24.Bg5 Rd6 25.Rb7 Rxc6 26.Nxb5 Ne6 27.Be3 Kg7 28.g3 Rc8
29.Na7 Ra8 30.Nc6 Bf6 31.Bxc4 Nd6 32.Rb4 Nxc4 33.Rxc4 Bxb2 34.Nd4  1/2-1/2

[Event "2nd Floripa Open 2016"]
[Site "Florianopolis BRA"]
[Date "2016.01.21"]
[Round "9.47"]
[White "Farias,Edilsom"]
[Black "De Haro,M"]
[Result "0-1"]
[WhiteElo "1898"]
[BlackElo "2054"]

1.d4 Nf6 2.c4 e6 3.Nf3 c5 4.d5 exd5 5.cxd5 d6 6.Nc3 g6 7.Bf4 a6 8.a4 Bg7
9.e4 O-O 10.Bd3 Nh5 11.Bg5 Qb6 12.Qe2 Nd7 13.O-O Ne5 14.Nxe5 Bxe5 15.a5 Qc7
16.Qd2 Bd7 17.Bc2 Rab8 18.Ba4 b5 19.Bd1 Ng7 20.Bf4 Bf6 21.Bg5 Be5 22.Bf4 Bf6
23.Bg5 Ne8 24.Bh6 Ng7 25.Bg5 Qd8 26.Bf4 Qc7 27.Bg5 Bxg5 28.Qxg5 Rbe8 29.Bc2 b4
30.Ne2 Bb5 31.Rfe1 Re5 32.Qd2 Rfe8 33.Ng3 Qd8 34.b3 h5 35.f3 h4 36.Nh1 Kh7
37.Nf2 f5 38.Nh3  0-1

[Event "IIFL Wealth Mumbai Open"]
[Site "Mumbai IND"]
[Date "2016.01.28"]
[Round "1.9"]
[White "Joglekar,A"]
[Black "Gusain,H"]
[Result "0-1"]
[WhiteElo "1696"]
[BlackElo "2335"]

1.d4 Nf6 2.c4 c5 3.d5 e6 4.Nc3 exd5 5.cxd5 d6 6.Nf3 g6 7.Bg5 h6 8.Bh4 Bg7
9.e3 a6 10.Bd3 b5 11.a3 O-O 12.Bc2 Bb7 13.Rb1 Qb6 14.O-O Nbd7 15.Bg3 Nh5
16.Nh4 Nxg3 17.hxg3 Rfe8 18.Qd2 a5 19.e4 Rac8 20.Kh1 c4 21.f4 b4 22.Na4 Qd4
23.Nf3 Qxd2 24.Nxd2 Ba6 25.Rf3 Bb5 26.axb4 axb4 27.b3 Bxa4 28.bxa4 b3 29.Nxb3 cxb3
30.Bxb3 Rxe4 31.a5 Nc5 32.Bc2 Rc4 33.Bb3 Rb4 34.Bc2 Rxb1+ 35.Bxb1 Bb2 36.f5 g5
37.Rf2 Bc3 38.Ra2 Ra8 39.Bc2 Kg7 40.g4 Rxa5 41.Bb1 Rxa2 42.Bxa2 Kf6 43.Kh2 Be1
44.g3 Ne4 45.Kg2 Ke5 46.Kf3 Bxg3 47.Ke3 Nc3 48.Bb3 Nxd5+ 49.Kf3 Be1 50.Bc2 f6
51.Bd3 Nf4 52.Bf1 Bd2 53.Bb5 d5 54.Ba6 Kd4 55.Bf1 Kc3 56.Ba6 Bc1 57.Bb5 Kd2
58.Ba6 Ke1 59.Bb5 d4 60.Ke4 d3  0-1

[Event "TCh-CAT Gp1 2016"]
[Site "Barcelona ESP"]
[Date "2016.01.30"]
[Round "2.1"]
[White "Cardenas,Fernando Adrian"]
[Black "Orteu Capdevila,Max"]
[Result "0-1"]
[WhiteElo "1964"]
[BlackElo "1990"]

1.Nf3 Nf6 2.d4 e6 3.c4 c5 4.d5 exd5 5.cxd5 d6 6.Nc3 g6 7.g3 Bg7 8.Bg2 O-O
9.O-O a6 10.a4 Nbd7 11.h3 Re8 12.Nd2 Rb8 13.Nc4 Ne5 14.Na3 Nh5 15.e4 Bd7
16.f4 Nxg3 17.fxe5 Bxe5 18.Nc4 Bd4+ 19.Kh2 Nxf1+ 20.Qxf1 b5 21.Nxd6 Be5+
22.Bf4 Qf6 23.Nxe8 Qxf4+ 24.Qxf4 Bxf4+ 25.Kg1 Bxe8 26.axb5 axb5 27.Kf2 b4
28.Nd1 Bb5 29.Ne3 Be5 30.Nd1 Bd3 31.Ke3 Bc2 32.Bf1 Bd4+ 33.Kf4 Re8 34.Bg2 h6
35.h4 c4 36.d6 Be5+ 37.Ke3 Bxd6 38.Kd4 Bb3 39.Ne3 Be5+ 40.Kc5 Bxb2 41.Rb1 Bc3
42.Nd5 Rb8  0-1

[Event "21st HIT Open 2016"]
[Site "Nova Gorica SLO"]
[Date "2016.02.01"]
[Round "6.12"]
[White "Sonis,Francesco"]
[Black "Rusjan,D"]
[Result "1-0"]
[WhiteElo "2352"]
[BlackElo "2056"]

1.d4 Nf6 2.c4 c5 3.d5 e6 4.Nc3 exd5 5.cxd5 d6 6.Nf3 g6 7.Bf4 a6 8.a4 Bg7
9.h3 O-O 10.e3 Re8 11.Bd3 Qc7 12.Nd2 Nbd7 13.Bh2 Re7 14.O-O b6 15.Rc1 Bb7
16.e4 Ne5 17.Be2 Ne8 18.Qb3 Kh8 19.Bxe5 Bxe5 20.Nc4 Bxc3 21.Rxc3 Bxd5 22.exd5 Rxe2
23.Nxb6 Rb8 24.a5 Qe7 25.Qc4 Nc7 26.Rf3 Nb5 27.Rxf7 Qxf7 28.Qxe2 Re8 29.Qc4 Qf5
30.Qh4 Kg7 31.Qg3 Qe5 32.Qg4 h5 33.Qd7+ Qe7 34.Qc6 Nd4 35.Qa4 Qe4 36.Qc4 Nb5
37.b3 Qf5 38.Qc1 Re2 39.Nc4 Qxd5 40.Kh1 Qf5 41.Qd1 Rxf2 42.Rxf2 Qxf2 43.Nxd6 Qd4
44.Ne8+ Kf8 45.Qb1 Kf7 46.Qe1 Qd7 47.Qe5 Qxe8 48.Qxc5 Qe1+ 49.Kh2 Qe6 50.Qf2+ Kg7
51.Qf3 Nd4 52.Qc3 Qe5+ 53.Kh1 Kh7 54.b4 Qf4 55.Qc4 Qd6 56.Qf7+ Kh6 57.Qe8 Nf5
58.b5 axb5 59.Qxb5 Ng3+ 60.Kg1 Qd4+ 61.Kh2 h4 62.Qb8 Ne2 63.Qf8+ Qg7 64.Qxg7+ Kxg7  1-0

[Event "Moscow Open B 2016"]
[Site "Moscow RUS"]
[Date "2016.02.02"]
[Round "4.44"]
[White "Li Xueyi"]
[Black "Danilova,Rada"]
[Result "1/2-1/2"]
[WhiteElo "2154"]
[BlackElo "1724"]

1.d4 Nf6 2.c4 c5 3.d5 e6 4.Nc3 exd5 5.cxd5 d6 6.Nf3 g6 7.h3 Bg7 8.Bf4 O-O
9.Nd2 Qe7 10.e3 a6 11.Nc4 Rd8 12.a4 Ne8 13.Be2 Nd7 14.O-O Ne5 15.Nb6 Rb8
16.a5 Nf6 17.Bg5 Re8 18.Ra3 Qc7 19.Rb3 Nfd7 20.f4 c4 21.Ra3 Nd3 22.Nxc4 Qxc4
23.Bxd3 Qc5 24.f5 Ne5 25.f6 Bh8 26.Kh1 b5 27.axb6 Qxb6 28.Ra2 a5 29.Bb5 Bd7
30.Bxd7 Nxd7 31.Qg4 Qa6 32.Kg1 Nc5 33.Qh4 Rb4 34.Qe1 Qb6 35.Qd2 Rb8 36.Rf2 Re8
37.Qc2 Qb7 38.Rxa5 Qb6 39.Ra2 Rb8 40.Ra3 Re8 41.Na4 Nxa4 42.Rxa4 Rb5 43.Re4 Ra8
44.Rd4 h5 45.h4 Rc5 46.Rc4 Rac8 47.Rxc5 Rxc5 48.Qe4 Qb5 49.b4 Rc8 50.Kh2 Re8
51.Qd4 Rb8 52.Rc2 Qd7 53.Rc6 Ra8 54.b5 Ra2 55.b6 Qf5 56.Rc1 Kh7 57.Ra1 Rc2
58.b7 Qf3 59.Rg1 Qf5 60.b8=Q Bxf6 61.Qxf6 Rxg2+ 62.Rxg2 Qh3+ 63.Kxh3  1/2-1/2

[Event "IIFL Wealth Mumbai Open"]
[Site "Mumbai IND"]
[Date "2016.02.02"]
[Round "6.25"]
[White "Snehal,B"]
[Black "Akshay,V Halagannavar"]
[Result "1-0"]
[WhiteElo "2155"]
[BlackElo "1897"]

1.d4 Nf6 2.c4 c5 3.d5 e6 4.Nc3 exd5 5.cxd5 d6 6.Nf3 g6 7.e4 Bg7 8.h3 O-O
9.Bd3 a6 10.a4 Nbd7 11.O-O Rb8 12.Re1 Qe8 13.Bf4 Nh5 14.Bh2 Bf6 15.Be2 Ng7
16.Kh1 Ne5 17.Nd2 g5 18.Nc4 Nxc4 19.Bxc4 Be5 20.Bf1 Bxh2 21.Kxh2 Qe5+ 22.Kg1 Bd7
23.a5 Rbe8 24.Qb3 Re7 25.Qxb7 Bc8 26.Qc6 g4 27.hxg4 Bxg4 28.Qxa6 Bc8 29.Qd3 Bb7
30.a6 Ba8 31.Qe3 f5 32.f4 Qd4 33.e5 dxe5 34.fxe5 f4 35.Qxd4 cxd4 36.d6 Re6
37.Nb5 f3 38.gxf3 Rg6+ 39.Kf2 Rxf3+ 40.Ke2 Rf4 41.Kd1  1-0

[Event "Gibraltar Masters 2016"]
[Site "Caleta ENG"]
[Date "2016.02.04"]
[Round "10.107"]
[White "Darnell,Anton"]
[Black "Nordquelle,Daniel"]
[Result "1-0"]
[WhiteElo "1979"]
[BlackElo "2102"]

1.d4 Nf6 2.Nf3 c5 3.d5 e6 4.c4 exd5 5.cxd5 d6 6.Nc3 a6 7.a4 g6 8.Bf4 Qe7
9.h3 Nbd7 10.e3 Bg7 11.Nd2 Ne5 12.Be2 O-O 13.O-O Rb8 14.a5 Nfd7 15.Re1 b5
16.axb6 Rxb6 17.Bg3 f5 18.Qc2 Kh8 19.Bf1 h5 20.f4 Nf7 21.e4 Qf6 22.Nc4 Rxb2
23.Qxb2 Qxc3 24.Qxc3 Bxc3 25.e5 dxe5 26.fxe5 Ng5 27.e6 Bxa1 28.Rxa1 Nf6 29.e7 Rg8
30.Be5 Ne4 31.Nb6 Kh7 32.Bc4 Bb7 33.d6 Bc6 34.Bxg8+ Kxg8 35.Bxf6 Nxf6 36.d7  1-0

[Event "Graz Open A 2016"]
[Site "Graz AUT"]
[Date "2016.02.12"]
[Round "1.15"]
[White "Miljkovic,Mir1"]
[Black "Dubois,Pi"]
[Result "1-0"]
[WhiteElo "2494"]
[BlackElo "2151"]

1.d4 Nf6 2.c4 c5 3.d5 e6 4.Nc3 exd5 5.cxd5 d6 6.Nf3 g6 7.Bf4 a6 8.a4 Bg7
9.h3 O-O 10.e3 Nh5 11.Bh2 f5 12.Be2 f4 13.O-O Qe7 14.Qd3 Nd7 15.Rae1 Ndf6
16.exf4 Ne8 17.Qe3 Qf6 18.Bc4 Bd7 19.Ne4 Qxb2 20.Rb1  1-0

[Event "ch-PER 2016"]
[Site "Lima PER"]
[Date "2016.02.13"]
[Round "7.2"]
[White "Terry,R"]
[Black "Vera Siguenas,D"]
[Result "0-1"]
[WhiteElo "2447"]
[BlackElo "2482"]

1.d4 Nf6 2.Nf3 c5 3.d5 e6 4.c4 exd5 5.cxd5 d6 6.Nc3 g6 7.e4 Bg7 8.Bb5+ Nbd7
9.a4 O-O 10.O-O a6 11.Be2 Re8 12.Nd2 Rb8 13.Qc2 Ne5 14.Re1 Nh5 15.g3 Bh3
16.Qd1 Qd7 17.a5 Ng4 18.Qa4 Qe7 19.Nf3 h6 20.Bd2 Nhf6 21.Qd1 Nd7 22.Nh4 h5
23.Nf3 Bf6 24.Ra4 Nde5 25.Nxe5 Bxe5 26.Bxg4 Bxg4 27.f3 Bd7 28.Ra3 h4 29.Kg2 hxg3
30.hxg3 Kg7 31.f4 Bd4 32.e5 Bf5 33.Be3 Bxe3 34.Rxe3 Rh8 35.Qg1 Rh6 36.Ra1 Rbh8
37.Rae1 Bh3+ 38.Kf3 dxe5 39.Rxe5 Qd7 40.Ke2 Bg4+ 41.Kd2 Rh2+ 42.Kc1 Qc7 43.Kb1 Qxa5
44.Qe3 Qb4 45.Qc1 Rg2 46.Ka1 Rhh2 47.R5e4 Qb3 48.Na4 Bf5 49.Nxc5 Qxb2+ 50.Qxb2+ Rxb2
51.Ra4 Rb5 52.Rc1 b6 53.Nxa6 Rxd5 54.Nc7 Rd3 55.Ne8+ Kf8 56.Re1 b5 57.Ra8 Be4
58.Ra5 Kxe8 59.Rxe4+ Kf8 60.Rxb5 Ra3+ 61.Kb1 Rxg3 62.Re1 Rf2 63.f5 gxf5 64.Rc5 Rgg2
65.Ree5 Kg7 66.Red5 Kg6 67.Kc1 f4 68.Rc6+ f6 69.Rc3 f3 70.Rdd3 Rf1+ 71.Rd1 Rxd1+  0-1

[Event "Graz Open A 2016"]
[Site "Graz AUT"]
[Date "2016.02.14"]
[Round "3.33"]
[White "Schreiner,T"]
[Black "Dubois,Pi"]
[Result "1-0"]
[WhiteElo "2329"]
[BlackElo "2151"]

1.d4 Nf6 2.c4 c5 3.d5 e6 4.Nc3 exd5 5.cxd5 d6 6.Nf3 g6 7.Bf4 a6 8.e4 b5 9.Bd3 Bg7
10.O-O O-O 11.h3 Ra7 12.a3 Re7 13.Qd2 Bb7 14.b4 c4 15.Bc2 Qc7 16.Nd4 Nh5
17.Bh6 Nd7 18.Bxg7 Nxg7 19.f4 Rfe8 20.Rae1 Qb6 21.Kh2 f5 22.Re2 fxe4 23.Bxe4 Nf6
24.Rfe1 Nfh5 25.Nc6 Bxc6 26.dxc6 Qd8 27.Nd5 Re6 28.g4 Nf6 29.c7 Qc8 30.Nxf6+ Rxf6
31.Bd5+ Kf8 32.Qd4  1-0

[Event "Graz Open A 2016"]
[Site "Graz AUT"]
[Date "2016.02.15"]
[Round "5.27"]
[White "Livaic,Leon"]
[Black "Sadilek,P"]
[Result "1-0"]
[WhiteElo "2350"]
[BlackElo "2255"]

1.d4 Nf6 2.c4 e6 3.Nf3 c5 4.d5 exd5 5.cxd5 d6 6.Nc3 g6 7.e4 a6 8.a4 Bg4 9.Be2 Bxf3
10.Bxf3 Bg7 11.O-O O-O 12.Bf4 Qe7 13.Re1 Nbd7 14.Qd2 Rfe8 15.a5 h5 16.h3 Nh7
17.Be3 Rab8 18.Be2 Nhf6 19.f3 Nh7 20.Ra4 g5 21.g3 h4 22.gxh4 gxh4 23.Kh2 b5
24.axb6 Rxb6 25.Rg1 Kh8 26.Rxa6 Rxa6 27.Bxa6 Rg8 28.f4 Ndf6 29.Bd3 Nh5 30.Rg4 Rb8
31.Bf2 N7f6 32.Rxh4 Kg8 33.Qe2 Rb4 34.e5 dxe5 35.fxe5 Qb7 36.exf6 Qb8+ 37.Kg1 Rxb2
38.Qxh5  1-0

[Event "32nd Cappelle Open 2016"]
[Site "Cappelle la Grande FRA"]
[Date "2016.02.16"]
[Round "5.47"]
[White "Battaglini,G"]
[Black "Daels,M"]
[Result "0-1"]
[WhiteElo "2450"]
[BlackElo "2262"]

1.d4 Nf6 2.c4 c5 3.d5 e6 4.Nc3 exd5 5.cxd5 d6 6.Nf3 g6 7.Bf4 Bg7 8.Qa4+ Bd7
9.Qb3 Qc7 10.e4 O-O 11.Nd2 Nh5 12.Be3 f5 13.exf5 Bxf5 14.Be2 Bd7 15.Bxh5 gxh5
16.O-O Na6 17.Nc4 b5 18.Nxb5 Bxb5 19.Qxb5 Nb4 20.Rad1 Rab8 21.Qa4 Rf5 22.Rd2 Rxd5
23.Qd1 Qc6 24.Nxd6 Qxd6 25.Rxd5 Qxd5 26.Qxd5+ Nxd5 27.Bxc5 a6 28.Rd1 Rxb2
29.g3 Nf6 30.a3 Rb5 31.Rd8+ Kf7 32.Bd4 Ra5 33.Bb2 Ra4 34.Kf1 h4 35.Ke2 h3
36.Kd3 h5 37.f3 Ra5 38.Rc8 Kg6 39.Kc4 Nd7 40.Rg8 Ne5+ 41.Kb3 Rb5+ 42.Kc2 Rxb2+
43.Kxb2 Nxf3+ 44.Kc2 Nxh2 45.Rd8 Nf1 46.Rd1 Ne3+  0-1

[Event "32nd Cappelle Open 2016"]
[Site "Cappelle la Grande FRA"]
[Date "2016.02.16"]
[Round "5.27"]
[White "Troff,Kayden W"]
[Black "Koller,Hans-Juergen"]
[Result "1-0"]
[WhiteElo "2511"]
[BlackElo "2077"]

1.d4 Nf6 2.c4 c5 3.d5 e6 4.Nc3 exd5 5.cxd5 d6 6.Nf3 g6 7.Bf4 a6 8.a4 Bg7
9.h3 O-O 10.e3 Re8 11.Bd3 Bf5 12.Bxf5 gxf5 13.Nd2 Qe7 14.Nc4 Ne4 15.Nxe4 Qxe4
16.Nxd6 Qb4+ 17.Qd2 Rd8 18.Qxb4 cxb4 19.Rc1 Bxb2 20.Rc7 Nd7 21.Nxf5 Be5 22.Bxe5 Nxe5
23.f4 Rd7 24.d6 Rxc7 25.dxc7 Nc6 26.Nd6 Na7 27.Ke2 Kf8 28.Rb1 Nc8 29.Nxb7 a5
30.Rd1 Ke7 31.Rd8 Ra7 32.Rxc8  1-0

[Event "8th Batavia Blitz 2016"]
[Site "Amsterdam NED"]
[Date "2016.02.18"]
[Round "2.2"]
[White "De Ruiter,D"]
[Black "Ly,Mo"]
[Result "1-0"]
[WhiteElo "2312"]
[BlackElo "2480"]

1.d4 Nf6 2.c4 e6 3.Nf3 c5 4.d5 exd5 5.cxd5 d6 6.Nc3 g6 7.h3 Bg7 8.Bf4 O-O
9.e3 a6 10.a4 Re8 11.Nd2 Nh5 12.Bh2 Be5 13.Bxe5 Rxe5 14.Nc4 Re8 15.Be2 Nf6
16.O-O Qc7 17.Qc2 Nbd7 18.e4 Ne5 19.Nxe5 Rxe5 20.f4 Re8 21.Bc4 Nh5 22.Rad1 Rb8
23.e5 Ng3 24.Rf3 Nf5 25.Ne4 Kg7 26.Qc3 dxe5 27.d6 Qd8 28.d7 Bxd7 29.fxe5 Qh4
30.e6+ Kh6 31.g4 Bc6 32.Rxf5 Bxe4 33.g5+  1-0

[Event "Graz Open A 2016"]
[Site "Graz AUT"]
[Date "2016.02.19"]
[Round "9.29"]
[White "Schreiner,T"]
[Black "Bauer,Thomas"]
[Result "0-1"]
[WhiteElo "2329"]
[BlackElo "1979"]

1.d4 Nf6 2.c4 c5 3.d5 e6 4.Nc3 exd5 5.cxd5 d6 6.Nf3 g6 7.h3 Bg7 8.e4 O-O
9.Bd3 Nh5 10.O-O Nd7 11.Bg5 Bf6 12.Be3 Re8 13.Nd2 Bd4 14.Bxd4 cxd4 15.Nb5 Ne5
16.Be2 Nf4 17.Bf3 Qb6 18.a4 a6 19.Na3 Qb4 20.Rc1 b5 21.axb5 axb5 22.Kh1 Qxb2
23.Nab1 Ra2 24.h4 b4 25.g3 Nfd3 26.Rc7 Bh3 27.Bg2 Rc8 28.Rxc8+ Bxc8 29.Kg1 Bg4
30.f3 Bd7 31.Qb3 Qa1 32.Na3 Rxa3 33.Rxa1 Rxa1+ 34.Bf1 Ba4  0-1